Kliknij miasta województwa podlaskiego na mapie - Statystyki

Ogólne statystyki
  • Ten quiz został rozwiązany 870 razy
  • Średni wynik to 21 z 40
Odpowiedzi na mapie
Odpowiedzi zakodowano w zielono-czerwonej skali na mapie do tego quizu, zgodnie z poniższymi procentami.
 
Statystyki odpowiedzi
Odpowiedź % Poprawnych
Białystok
93%
Suwałki
90%
Łomża
83%
Augustów
80%
Sejny
75%
Hajnówka
72%
Bielsk Podlaski
69%
Grajewo
69%
Sokółka
67%
Zambrów
64%
Siemiatycze
63%
Mońki
61%
Choroszcz
57%
Kolno
56%
Wysokie Mazowieckie
55%
Łapy
54%
Wasilków
50%
Czarna Białostocka
49%
Krynki
48%
Drohiczyn
47%
Tykocin
47%
Lipsk
44%
Suchowola
44%
Rajgród
43%
Supraśl
43%
Knyszyn
42%
Zabłudów
42%
Brańsk
41%
Dąbrowa Białostocka
41%
Goniądz
41%
Czyżew
40%
Jedwabne
40%
Kleszczele
40%
Szepietowo
40%
Suraż
39%
Szczuczyn
39%
Michałowo
38%
Ciechanowiec
37%
Nowogród
37%
Stawiski
34%
Nie znaleziono quizów pasujących do podanych kryteriów
Rozkład punktacji
Procent ludzi z każdym wynikiem
Percentyl według liczby udzielonych odpowiedzi
Twoja historia wyników
Nie rozwiązałeś tego quizu